=LDR 00000nam 2200000 4500 =001 INLIS000000000039371 =005 20200924081823 =035 ##$$a 0010-061300000039371 =008 200924###########################0#ind## =041 ##$$a ind =082 ##$$a 658.11 =090 ##$$a 658.11 , Fin, s =100 ##$$a FINE, Debra =245 1#$$a Seni Memenangkan Hati Klien, Membawakan Presentasi Menemukan dan Menyelesaikan Konflik di Tempat Kerja , Debra Fine =260 ##$$a 2008 :$b [s.n] =300 ##$$a 218 hlm. , 22 cm =650 #4$$a KOMUNIKASI-MENEJEMEN =700 #$$a IMAYATI, Farida =850 ##$$a NBPNMAT =990 ##$$a 0001/BPAP-NTB/20142015